Quick Pick: Naughty Dog Games Quiz Stats

 Plays Quiz Updated May 17, 2018

Challenge
Share
Tweet
Embed
Score 0/12 Timer 01:00
3 Plays Today
% Correct
Crash
85.8%
Thieves
84.3%
Last
70.2%
Uncharted
62.1%
Team
61.2%
Fortune
54.5%
Cortex
53.7%
Rings
51%
Legacy
49.8%
End
46.5%
Combat
44%
Warped
43.3%

Today's Daily Dose

You're not logged in!

Compare scores with friends on all Sporcle quizzes.
OR
Log In

You Might Also Like...

Show Comments

Extras

Top Quizzes Today


Score Distribution

Your Account Isn't Verified!

In order to create a playlist on Sporcle, you need to verify the email address you used during registration. Go to your Sporcle Settings to finish the process.

Report this User

Report this user for behavior that violates our Community Guidelines.

Details: